<?xml version="1.0" encoding="UTF-8"?>
<record
    xmlns:xsi="http://www.w3.org/2001/XMLSchema-instance"
    xsi:schemaLocation="http://www.loc.gov/MARC21/slim http://www.loc.gov/standards/marcxml/schema/MARC21slim.xsd"
    xmlns="http://www.loc.gov/MARC21/slim">

  <leader>04931nam a2200481Ia 4500</leader>
  <controlfield tag="001">dia_4798</controlfield>
  <controlfield tag="003">CHAP</controlfield>
  <controlfield tag="005">20240913173211.0</controlfield>
  <controlfield tag="007">ta</controlfield>
  <controlfield tag="008">220117s2012    mx ad  frm    001 0 spa d</controlfield>
  <datafield tag="010" ind1=" " ind2=" ">
    <subfield code="a">175561</subfield>
  </datafield>
  <datafield tag="040" ind1=" " ind2=" ">
    <subfield code="c">CHAP</subfield>
    <subfield code="a">mxchpua</subfield>
    <subfield code="e">rda</subfield>
  </datafield>
  <datafield tag="041" ind1="0" ind2=" ">
    <subfield code="a">spa</subfield>
    <subfield code="b">eng</subfield>
  </datafield>
  <datafield tag="090" ind1=" " ind2=" ">
    <subfield code="a">Tesis </subfield>
    <subfield code="b">H479 </subfield>
    <subfield code="c">2012</subfield>
  </datafield>
  <datafield tag="100" ind1="1" ind2=" ">
    <subfield code="a">Herrera Clemente, Yasser</subfield>
  </datafield>
  <datafield tag="240" ind1="1" ind2="0">
    <subfield code="a">Sowing date and humidity stress in malting barley (Hordeum vulgare L.): effect on the quality of malt.</subfield>
    <subfield code="l">Espa&#xF1;ol</subfield>
  </datafield>
  <datafield tag="245" ind1="1" ind2="0">
    <subfield code="a">Fecha de siembra y estr&#xE9;s de humedad en cebada maltera (Hordeum vulgare L.) : </subfield>
    <subfield code="b">efecto en la calidad de malta /</subfield>
    <subfield code="c">Yasser Herrera Clemente</subfield>
  </datafield>
  <datafield tag="264" ind1=" " ind2=" ">
    <subfield code="a">Chapingo, M&#xE9;xico :</subfield>
    <subfield code="b">El autor,</subfield>
    <subfield code="c">2012</subfield>
  </datafield>
  <datafield tag="300" ind1=" " ind2=" ">
    <subfield code="a">80 hojas :</subfield>
    <subfield code="b">ilustraciones, gr&#xE1;ficas, tablas +</subfield>
    <subfield code="e">1 CD-ROM</subfield>
  </datafield>
  <datafield tag="336" ind1=" " ind2=" ">
    <subfield code="2">rdacontent</subfield>
    <subfield code="a">texto</subfield>
    <subfield code="b">txt</subfield>
  </datafield>
  <datafield tag="337" ind1=" " ind2=" ">
    <subfield code="2">rdamedia</subfield>
    <subfield code="a">no mediado</subfield>
    <subfield code="b">n</subfield>
  </datafield>
  <datafield tag="338" ind1=" " ind2=" ">
    <subfield code="2">rdacarrier</subfield>
    <subfield code="a">volumen</subfield>
    <subfield code="b">nc</subfield>
  </datafield>
  <datafield tag="500" ind1=" " ind2=" ">
    <subfield code="a">El CD contiene reporte</subfield>
  </datafield>
  <datafield tag="502" ind1=" " ind2=" ">
    <subfield code="a">Tesis </subfield>
    <subfield code="b">(Ingeniero Agroindustrial)  -- </subfield>
    <subfield code="c">UACh. Departamento de Ingenier&#xED;a Agroindustrial, </subfield>
    <subfield code="d">2012</subfield>
  </datafield>
  <datafield tag="504" ind1=" " ind2=" ">
    <subfield code="a">Bibliograf&#xED;a: hojas 73-80</subfield>
  </datafield>
  <datafield tag="520" ind1="3" ind2=" ">
    <subfield code="a">Se evaluaron cuatro fechas de siembra para el cultivo de cebada maltera en el Baj&#xED;o mexicano, con el objetivo de determinar el efecto en la calidad maltera ante ambientes diferentes propiciados por un cambio de fecha de siembra. El an&#xE1;lisis se enfoc&#xF3; en los par&#xE1;metros de calidad maltera contenido de prote&#xED;na, almid&#xF3;n, &#xED;ndice de llenado, extracto, poder diast&#xE1;sico e &#xED;ndice de Kolbach. Se estudiaron 16 genotipos diferentes de cebada, tres de ellos variedades comerciales (Esperanza, Alina, Armida) y trece l&#xED;neas avanzadas. Las fechas establecidas para el experimento fueron 15 de noviembre, 30 de noviembre, 15 de diciembre y 30 de diciembre, adem&#xE1;s de un experimento alterno en el cual se evalu&#xF3; la respuesta a un cambio en el calendario de riego el 15 de diciembre, dejando la &#xFA;ltima etapa de desarrollo de la planta en estr&#xE9;s h&#xED;drico, por el adelanto de 10 d&#xED;as en el ultimo riego. Los resultados se&#xF1;alaron a la fecha del 15 de diciembre con la mejor calidad maltera, aun cuando se tuvo un promedio relativamente alto en contenido de prote&#xED;na (13.99%), lo cual estuvo asociado a una helada en periodo de antesis de la planta y a incrementos de temperatura cercanos a 30&#xB0;C durante el llenado del grano. Por otro lado, la calidad del grano disminuy&#xF3; a medida que se alejaba la fecha de siembra del 15 de diciembre y se observ&#xF3; que fechas anticipadas est&#xE1;n estresadas por bajas temperaturas mientras que fechas posteriores est&#xE1;n sujetas a incremento gradual de temperatura. El cambio de calendario de riego afect&#xF3; el llenado de grano, equiparable a la fecha del 15 de noviembre. Sin embargo el estr&#xE9;s, en este caso, fue ocasionado por la falta de agua durante el periodo exponencial del llenado de grano. --</subfield>
  </datafield>
  <datafield tag="520" ind1="3" ind2=" ">
    <subfield code="a">Four planting dates for malting barley were evaluated in the mexican region "El Baj&#xED;o", in order to determine their effects on malting quality due to different environments provided by a change in planting date. The analysis focused on malting quality parameters such as protein, starch, degree of filling, extract, diastatic power and Kolbach index. It was studied 16 genotypes of barley, three commercial varieties (Esperanza, Alina, Armida) and thirteen advanced lines. The dates set for the experiment were November 15, November 30, December 15 and December 30 of 2010, plus an alternate experiment in which was evaluated the response to a change in watering schedule on December 15, leaving the last stage of plant development under water stress, by the advance of 10 days for the last irrigation. December 15 had the best malting quality, even with relatively high protein content (13.99%), which was associated with a frost period during anthesis of plant and high temperatures during grain filling. On the other hand, grain quality and dates early decreased before and after December 15 are stressed by low temperatures while later dates are subject to gradual increase in temperature. Change of irrigation schedule affected the grain filling, comparable to the date November 15.However stress in this case was caused by lack of water during the exponential grain filling.</subfield>
  </datafield>
  <datafield tag="650" ind1="1" ind2="2">
    <subfield code="a">Cebada cervecera</subfield>
    <subfield code="x">Control de calidad  </subfield>
    <subfield code="2">atg</subfield>
  </datafield>
  <datafield tag="650" ind1="1" ind2="3">
    <subfield code="a">Estr&#xE9;s abiotico  </subfield>
    <subfield code="2">atg</subfield>
  </datafield>
  <datafield tag="650" ind1="1" ind2="3">
    <subfield code="a">Fecha de siembra  </subfield>
    <subfield code="2">atg</subfield>
  </datafield>
  <datafield tag="650" ind1="1" ind2="3">
    <subfield code="a">Abiotic stress  </subfield>
    <subfield code="2">atg</subfield>
  </datafield>
  <datafield tag="650" ind1="1" ind2="3">
    <subfield code="a">Malting barley</subfield>
    <subfield code="x">Quality control  </subfield>
    <subfield code="2">atg</subfield>
  </datafield>
  <datafield tag="650" ind1="1" ind2="3">
    <subfield code="a">Sowing date</subfield>
    <subfield code="2">atg</subfield>
  </datafield>
  <datafield tag="700" ind1="1" ind2=" ">
    <subfield code="a">Zamora D&#xED;az, Mauro Refugio</subfield>
    <subfield code="e">director</subfield>
  </datafield>
  <datafield tag="700" ind1="1" ind2=" ">
    <subfield code="a">Buend&#xED;a Gonz&#xE1;lez, Mar&#xED;a Ofelia</subfield>
    <subfield code="e">asesora</subfield>
  </datafield>
  <datafield tag="700" ind1="1" ind2=" ">
    <subfield code="a">Huerta Zurita, Ram&#xF3;n</subfield>
    <subfield code="e">asesor</subfield>
  </datafield>
  <datafield tag="856" ind1="4" ind2="1">
    <subfield code="u">http://10.13.5.2/tesis/115396.pdf</subfield>
    <subfield code="y">DESCARGAR PDF</subfield>
  </datafield>
  <datafield tag="901" ind1=" " ind2=" ">
    <subfield code="a">TESIS H478 2012</subfield>
  </datafield>
  <datafield tag="902" ind1=" " ind2=" ">
    <subfield code="a">M</subfield>
  </datafield>
  <datafield tag="905" ind1=" " ind2=" ">
    <subfield code="a">5232272012                          mx mnl 8223223322spa16</subfield>
  </datafield>
  <datafield tag="942" ind1=" " ind2=" ">
    <subfield code="c">TESIS</subfield>
    <subfield code="2">Clasificaci&#xF3;n Universidad Aut&#xF3;noma Chapingo</subfield>
  </datafield>
  <datafield tag="999" ind1=" " ind2=" ">
    <subfield code="c">175561</subfield>
    <subfield code="d">175561</subfield>
  </datafield>
  <datafield tag="952" ind1=" " ind2=" ">
    <subfield code="0">0</subfield>
    <subfield code="1">0</subfield>
    <subfield code="2">local</subfield>
    <subfield code="4">0</subfield>
    <subfield code="5">1</subfield>
    <subfield code="7">0</subfield>
    <subfield code="8">TESIS</subfield>
    <subfield code="a">IA_</subfield>
    <subfield code="b">IA_</subfield>
    <subfield code="d">2022-01-18</subfield>
    <subfield code="e">El autor</subfield>
    <subfield code="l">0</subfield>
    <subfield code="o">Tesis H479 2012</subfield>
    <subfield code="p">1101005875</subfield>
    <subfield code="r">2022-01-18 00:00:00</subfield>
    <subfield code="t">Ej. 4</subfield>
    <subfield code="w">2022-01-18</subfield>
    <subfield code="y">CD</subfield>
  </datafield>
  <datafield tag="952" ind1=" " ind2=" ">
    <subfield code="0">0</subfield>
    <subfield code="1">0</subfield>
    <subfield code="2">local</subfield>
    <subfield code="4">0</subfield>
    <subfield code="5">1</subfield>
    <subfield code="7">0</subfield>
    <subfield code="8">TESIS</subfield>
    <subfield code="a">IA_</subfield>
    <subfield code="b">IA_</subfield>
    <subfield code="d">2022-01-18</subfield>
    <subfield code="e">El autor</subfield>
    <subfield code="l">0</subfield>
    <subfield code="o">Tesis H479 2012</subfield>
    <subfield code="p">1101006474</subfield>
    <subfield code="r">2026-02-02 00:00:00</subfield>
    <subfield code="t">Ej. 1</subfield>
    <subfield code="w">2022-01-18</subfield>
    <subfield code="y">TESIS</subfield>
  </datafield>
  <datafield tag="952" ind1=" " ind2=" ">
    <subfield code="0">0</subfield>
    <subfield code="1">0</subfield>
    <subfield code="2">local</subfield>
    <subfield code="4">0</subfield>
    <subfield code="5">1</subfield>
    <subfield code="7">0</subfield>
    <subfield code="8">TESIS</subfield>
    <subfield code="a">IA_</subfield>
    <subfield code="b">IA_</subfield>
    <subfield code="d">2022-01-18</subfield>
    <subfield code="e">El autor</subfield>
    <subfield code="l">0</subfield>
    <subfield code="o">Tesis H479 2012</subfield>
    <subfield code="p">1101005874</subfield>
    <subfield code="r">2022-01-18 00:00:00</subfield>
    <subfield code="t">Ej. 3</subfield>
    <subfield code="w">2022-01-18</subfield>
    <subfield code="y">CD</subfield>
  </datafield>
  <datafield tag="952" ind1=" " ind2=" ">
    <subfield code="0">0</subfield>
    <subfield code="1">0</subfield>
    <subfield code="2">local</subfield>
    <subfield code="4">0</subfield>
    <subfield code="7">0</subfield>
    <subfield code="8">TesDigL</subfield>
    <subfield code="a">IA_</subfield>
    <subfield code="b">IA_</subfield>
    <subfield code="c">E_L</subfield>
    <subfield code="d">2024-09-13</subfield>
    <subfield code="e">El autor</subfield>
    <subfield code="l">0</subfield>
    <subfield code="p">1201006474</subfield>
    <subfield code="r">2024-09-13 18:35:05</subfield>
    <subfield code="w">2024-09-13</subfield>
    <subfield code="y">TD</subfield>
  </datafield>
  <datafield tag="952" ind1=" " ind2=" ">
    <subfield code="0">0</subfield>
    <subfield code="1">0</subfield>
    <subfield code="2">local</subfield>
    <subfield code="4">0</subfield>
    <subfield code="5">5</subfield>
    <subfield code="7">0</subfield>
    <subfield code="8">TESIS</subfield>
    <subfield code="a">IA_</subfield>
    <subfield code="b">IA_</subfield>
    <subfield code="d">2022-01-18</subfield>
    <subfield code="e">El autor</subfield>
    <subfield code="l">0</subfield>
    <subfield code="o">Tesis H479 2012</subfield>
    <subfield code="p">1101016404</subfield>
    <subfield code="r">2026-02-27 08:55:50</subfield>
    <subfield code="t">Ej. 2</subfield>
    <subfield code="w">2022-01-18</subfield>
    <subfield code="y">TESIS</subfield>
  </datafield>
</record>
